Kiss Me...I'm Irish! Quiz Stats

 Plays Quiz Updated Dec 11, 2018

Support Sporcle.
Go Orange.
Score 0/24 Timer 08:00
5 Plays Today
% Correct
Guinness Stout
79.7%
Pierce Brosnan
79.4%
U2
78%
Sinéad O'Connor
71.8%
Liam Neeson
70.5%
Saint Patrick
68.3%
C. S. Lewis
64.6%
Bram Stoker
64%
Colin Farrell
52%
Oscar Wilde
43.9%
Peter O'Toole
40.8%
Blarney Castle
34.6%
% Correct
Bob Geldof
31.8%
Enya
30.9%
James Joyce
29.6%
George Best
28.1%
Roy Keane
27%
Maureen O'Hara
23.9%
Van Morrison
23.8%
Pádraig Harrington
21.2%
Roma Downey
14.6%
George Bernard Shaw
13.8%
Jonathan Swift
11.8%
Richard Harris
8.9%

You're not logged in!

Compare scores with friends on all Sporcle quizzes.
OR
Log In
Forgot?

From the Vault

TV Characters by Show Blitz IV

by Doctor_Arzt

Normally it makes sense to organize characters by the thing they're in.
Remove Ads.
Support Sporcle.
Get the best of Sporcle when you Go Orange. This ad-free experience offers more features, more stats, and more fun while also helping to support Sporcle. Thank you for becoming a member.

Show Comments

Extras

Top Quizzes Today


Score Distribution

Your Account Isn't Verified!

In order to create a playlist on Sporcle, you need to verify the email address you used during registration. Go to your Sporcle Settings to finish the process.

Report this User

Report this user for behavior that violates our Community Guidelines.

Details: